[Event "Euro Online U2300 Day 1"]
[Site "chess.com INT"]
[Date "2020.05.25"]
[Round "7"]
[White "Prohorov, Olexandr"]
[Black "Olsen, Filip Boe"]
[Result "0-1"]
[WhiteTitle "FM"]
[BlackTitle "IM"]
[WhiteElo "2086"]
[BlackElo "2353"]
[WhiteFideId "14105578"]
[BlackFideId "1440640"]
[EventDate "2020.05.25"]

1. e4 c5 2. c3 Nf6 3. e5 Nd5 4. Nf3 Nc6 5. Bc4 Nb6 6. Bb3 e6 7. d4 cxd4 8. cxd4
d6 9. Qe2 dxe5 10. dxe5 Nb4 11. O-O Qd3 12. Qxd3 Nxd3 13. Be3 Nxb2 14. Nc3 Bd7
15. Rab1 Nd3 16. Ne4 Bc6 17. Nd6+ Bxd6 18. exd6 O-O 19. Rfd1 Bxf3 20. gxf3 Ne5
21. Kg2 Rfd8 22. a4 Rd7 23. Rbc1 Rad8 24. a5 Nc8 25. Bc5 b6 26. Bb4 bxa5 27.
Bxa5 Nb6 28. f4 Ng6 29. Kf3 h6 30. Rc6 Nh4+ 31. Ke4 Nf5 32. Ba2 Nxd6+ 33. Kf3
Nf5 34. Rxd7 Rxd7 35. Bxb6 axb6 36. Rxb6 Rd3+ 37. Kg2 Nh4+ 38. Kf1 Rd2 39. Bb1
g6 40. Rb7 Kg7 41. Ke1 Nf3+ 42. Kf1 Nxh2+ 43. Ke1 Nf3+ 44. Kf1 h5 45. Be4 Nd4
46. Kg2 Nc2 47. Bc6 Ne1+ 48. Kg3 Rc2 49. Be8 Rc3+ 50. Kh2 Nf3+ 51. Kg2 Nh4+ 52.
Kh2 Rf3 53. Rxf7+ Kh6 54. Kg1 Nf5 55. Rf8 Rxf4 56. Rg8 Ne7 57. Rh8+ Kg7 0-1

[Event "Euro Online U2300 Day 1"]
[Site "chess.com INT"]
[Date "2020.05.25"]
[Round "7"]
[White "Bogumil, Tatiana"]
[Black "Gacek, Waldemar"]
[Result "0-1"]
[WhiteTitle "WGM"]
[WhiteElo "2182"]
[BlackElo "2081"]
[WhiteFideId "4110579"]
[BlackFideId "1111841"]
[EventDate "2020.05.25"]

1. Nf3 d5 2. c4 c6 3. b3 Nf6 4. Bb2 Bf5 5. g3 e6 6. Bg2 Bd6 7. O-O Nbd7 8. d4 h6
9. Nc3 O-O 10. e3 Ne4 11. Nd2 Nxc3 12. Bxc3 Nf6 13. Qe2 Re8 14. e4 Nxe4 15. Nxe4
Bxe4 16. Bxe4 dxe4 17. Qxe4 Be7 18. Rad1 Bf6 19. b4 Qc7 20. f4 g6 21. Kg2 h5 22.
Rd3 Rad8 23. Rfd1 Re7 24. a4 a6 25. a5 Red7 26. Qf3 Kg7 27. h3 Rh8 28. d5 Bxc3
29. Rxc3 cxd5 30. cxd5 Qd6 31. Rc5 Rhd8 32. Qc3+ f6 33. f5 exd5 34. fxg6 Qe5 35.
Re1 Qxc3 36. Rxc3 Kxg6 37. Kf3 Kf5 38. Rc5 Kg6 39. g4 hxg4+ 40. hxg4 d4 41. Rd1
d3 42. Ke3 d2 43. Rc2 Kg5 44. Kf3 Rd3+ 45. Ke2 Kxg4 46. Rg1+ Kf5 47. Kd1 Ke6 48.
Rg7 R8d7 49. Rg8 Kf7 50. Rg2 R3d4 51. Rb2 f5 52. b5 Ra4 0-1

[Event "Euro Online U2300 Day 1"]
[Site "chess.com INT"]
[Date "2020.05.25"]
[Round "7"]
[White "Erdogan, Anil Berk"]
[Black "Arias Igual, Alejandro"]
[Result "1-0"]
[WhiteTitle "CM"]
[BlackTitle "FM"]
[WhiteElo "2155"]
[BlackElo "2214"]
[WhiteFideId "6348173"]
[BlackFideId "2254905"]
[EventDate "2020.05.25"]

1. e4 c5 2. Nf3 g6 3. d4 cxd4 4. Qxd4 Nf6 5. e5 Nc6 6. Qa4 Nd5 7. Qb3 Nc7 8. Bc4
Ne6 9. Bxe6 dxe6 10. Bf4 Bg7 11. O-O O-O 12. Nc3 a6 13. Rad1 Qc7 14. Rfe1 b5 15.
a4 b4 16. Ne4 Nxe5 17. Nxe5 Bxe5 18. Bxe5 Qxe5 19. Qxb4 Qc7 20. Qc5 Ra7 21. b4
e5 22. Qxc7 Rxc7 23. Nc5 f6 24. a5 Rc6 25. Rd2 Rd6 26. Red1 Rc6 27. Rd8 Kf7 28.
Rxf8+ Kxf8 29. Rd8+ Kf7 30. f3 Be6 31. Rh8 h5 32. Kf2 Bc4 33. Ke1 f5 34. Kd2 f4
35. Ke1 Kg7 36. Rb8 g5 37. Rb6 Rd6 38. Rxd6 exd6 39. Ne4 d5 40. Nxg5 Kf6 41. Nh3
Kf5 42. g3 fxg3 43. hxg3 e4 44. Kf2 d4 45. fxe4+ Kxe4 46. Nf4 Bf7 47. Nd3 Kd5
48. Nc5 Kc4 49. Nxa6 Kc3 50. b5 Bc4 51. Nc7 Kxc2 52. a6 d3 53. a7 d2 54. a8=Q
d1=Q 55. Qa4+ Bb3 56. Qe4+ Kc3 57. Qf3+ Qxf3+ 58. Kxf3 Ba4 59. b6 Bc6+ 60. Kf4
Kd4 61. Ne6+ Kd5 62. Nd8 1-0

[Event "Euro Online U2300 Day 1"]
[Site "chess.com INT"]
[Date "2020.05.25"]
[Round "7"]
[White "Shishkov, Minko"]
[Black "Laptii, Nazar"]
[Result "0-1"]
[WhiteElo "2268"]
[BlackElo "2180"]
[WhiteFideId "2904624"]
[BlackFideId "14174332"]
[EventDate "2020.05.25"]

1. c4 g6 2. d4 Bg7 3. Nc3 d6 4. Nf3 Nf6 5. h3 O-O 6. Bf4 Nbd7 7. e3 c6 8. Be2
Qe8 9. Bh2 e5 10. O-O Qe7 11. Qc2 Ne8 12. b4 f5 13. c5 d5 14. b5 e4 15. Nd2 g5
16. Nb3 f4 17. bxc6 bxc6 18. Na5 Qe6 19. Bg4 Qg6 20. Qa4 Nxc5 21. Qxc6 Bxg4 22.
hxg4 Nf6 23. Nxd5 Nxd5 24. Qxd5+ Ne6 25. Nc6 Kh8 26. Rab1 Nc7 27. Qd7 Rf7 28.
Ne7 Qf6 29. Qxc7 Qxe7 30. Qxe7 Rxe7 31. Rfc1 Rf8 32. Rc5 h6 33. Rcb5 Ref7 34.
Rb7 Rxb7 35. Rxb7 Rc8 36. Rb1 Rc2 37. Rd1 fxe3 38. fxe3 Bf8 39. Be5+ Kg8 40. d5
Bc5 41. Bd4 Bd6 42. a4 a6 43. Rb1 Bg3 44. Bb6 Rd2 45. Bd4 Ra2 46. Ra1 Rc2 47. a5
Kf7 48. Rb1 Ke7 49. Rf1 Kd6 50. Rd1 Rc4 51. Bg7 Ra4 52. Bxh6 Rxa5 53. Bxg5 Rxd5 0-1

[Event "Euro Online U2300 Day 1"]
[Site "chess.com INT"]
[Date "2020.05.25"]
[Round "7"]
[White "Maugenest, Ghislain"]
[Black "Voracek, Miroslav"]
[Result "1/2-1/2"]
[WhiteElo "2013"]
[BlackElo "2226"]
[WhiteFideId "36029483"]
[BlackFideId "313335"]
[EventDate "2020.05.25"]

1. d4 d5 2. c4 c6 3. Nf3 Nf6 4. Nc3 e6 5. e3 Nbd7 6. Qc2 Bb4 7. a3 Ba5 8. b4 Bc7
9. Bb2 O-O 10. Bd3 dxc4 11. Bxc4 e5 12. O-O Qe7 13. dxe5 Nxe5 14. Nxe5 Bxe5 15.
h3 Re8 16. Ne2 Bc7 17. Nd4 Ne4 18. Bd3 f5 19. Nf3 Bd7 20. Rac1 Rad8 21. Rfd1 a6
22. Bd4 Bc8 23. Qb2 Ng5 24. Nxg5 Qxg5 25. f4 Qh6 26. Bb1 Be6 27. Bc5 Qh5 28.
Rxd8 Rxd8 29. Ba2 Rd1+ 30. Rxd1 Qxd1+ 31. Kh2 Bd5 32. Bxd5+ Qxd5 33. Bd4 Qd7 34.
Qb3+ Kf8 35. Qc3 Bd8 36. Bc5+ Be7 37. Bxe7+ Qxe7 38. Qd4 Kf7 39. a4 g6 40. Kg3
Qe4 41. Qd7+ Qe7 42. Qd4 Qe6 43. Kh2 Ke7 44. Qg7+ Qf7 45. Qe5+ Qe6 46. Qg7+ Kd6
47. Qxb7 Qxe3 48. Qb8+ Kd5 49. b5 axb5 50. axb5 cxb5 51. Qxb5+ Qc5 52. Qd7+ Qd6
53. Qb7+ Kd4 54. Qf3 Qd5 55. Qf2+ Ke4 56. Qf3+ Kd4 57. Qd1+ Ke4 58. Qf3+ Kd4 1/2-1/2

[Event "Euro Online U2300 Day 1"]
[Site "chess.com INT"]
[Date "2020.05.25"]
[Round "7"]
[White "Ohanyan, Emin"]
[Black "Rama, Lorenc"]
[Result "1-0"]
[WhiteTitle "FM"]
[BlackTitle "FM"]
[WhiteElo "2291"]
[BlackElo "2212"]
[WhiteFideId "13312022"]
[BlackFideId "4700171"]
[EventDate "2020.05.25"]

1. e4 e5 2. Nf3 Nc6 3. Bc4 Nf6 4. d3 Be7 5. O-O O-O 6. Re1 d6 7. h3 Na5 8. Bb3
Nxb3 9. axb3 c5 10. c3 Qc7 11. d4 b6 12. d5 Ne8 13. c4 h6 14. Nc3 f5 15. exf5
Bxf5 16. Nd2 Qd7 17. Nde4 a6 18. Qe2 Nc7 19. Be3 b5 20. f3 bxc4 21. bxc4 Rab8
22. Ra3 Rb4 23. b3 Rfb8 24. Rb1 Qc8 25. Qa2 R8b6 26. Na4 Rb8 27. Bd2 R4b7 28.
Ba5 Ne8 29. Nac3 Nf6 30. Qe2 Nh5 31. Nd1 Nf4 32. Qc2 Kh8 33. Ndf2 Bh4 34. Bc3
Be7 35. Rxa6 Rxb3 36. Rxb3 Rxb3 37. Rxd6 Rxc3 38. Qxc3 Ne2+ 39. Kh2 Nxc3 40. Rc6
Qe8 41. Nxc3 Qg6 42. Rxg6 Bxg6 43. Nfe4 Bf5 44. d6 Bf8 45. Nb5 Bd7 46. Nxc5 Bxb5
47. cxb5 Bxd6 48. Ne4 Bb8 49. Kg1 Kg8 50. Kf2 Kf7 51. Ke2 Ke6 52. Kd3 Kd5 53.
Kc3 Ba7 54. Kb4 Bb6 55. Kc3 1-0

[Event "Euro Online U2300 Day 1"]
[Site "chess.com INT"]
[Date "2020.05.25"]
[Round "7"]
[White "Kilic, Eray"]
[Black "Gago Padreny, Ignacio"]
[Result "0-1"]
[BlackTitle "FM"]
[WhiteElo "2094"]
[BlackElo "2289"]
[WhiteFideId "44517173"]
[BlackFideId "2278863"]
[EventDate "2020.05.25"]

1. e4 c6 2. Nc3 d5 3. Nf3 Nf6 4. e5 Ne4 5. Ne2 Qb6 6. d4 e6 7. Ng3 c5 8. c3 Nc6
9. Bd3 Nxg3 10. hxg3 cxd4 11. cxd4 Bd7 12. O-O Nxd4 13. Nxd4 Qxd4 14. Qe2 h5 15.
Rd1 Qb6 16. Be3 Bc5 17. Bxc5 Qxc5 18. Rac1 Qb6 19. b3 h4 20. Qg4 hxg3 21. Qxg3
Kf8 22. Qg4 Rc8 23. Rxc8+ Bxc8 24. Re1 Bd7 25. Qg5 Qc7 26. Rc1 Bc6 27. b4 Qe7
28. Qe3 Qh4 29. Qh3 Qxh3 30. gxh3 Rxh3 31. Bf1 Ra3 32. b5 Be8 33. b6 Bc6 34.
bxa7 Rxa2 35. Bb5 Rxa7 36. Bxc6 bxc6 37. Rxc6 Ke7 38. Kg2 g5 39. Kg3 Ra4 40. f3
Kf8 41. Rc7 Kg7 42. Rd7 Kg6 43. Rc7 Ra1 44. Kf2 Ra2+ 45. Ke3 Kf5 46. Rxf7+ Kxe5
47. Rg7 Ra3+ 48. Kf2 Kf6 49. Rg8 d4 50. Ke2 Re3+ 51. Kf2 e5 52. Rf8+ Ke6 53. Rg8
Ra3 54. Rxg5 Ra2+ 55. Ke1 d3 56. Rg4 Kf5 57. Re4 Rh2 58. Kd1 Rf2 59. Re3 d2 60.
Rc3 Kf4 61. Rd3 Rxf3 62. Rxd2 e4 63. Ke2 Rh3 64. Kf1 Rd3 65. Ra2 Kf3 66. Rf2+
Ke3 67. Re2+ Kd4 68. Ra2 Rd1+ 69. Ke2 Rh1 70. Ra4+ Ke5 71. Rb4 Kf4 72. Ra4 Rh2+
73. Ke1 Kf3 74. Ra8 Rh1+ 75. Kd2 e3+ 76. Kc2 Kf2 77. Rf8+ Ke2 78. Re8 Rh5 79.
Re4 Rc5+ 80. Kb3 Kd2 81. Rd4+ Ke1 82. Re4 e2 83. Kb2 Rc8 84. Re6 Rf8 85. Kc2 Kf1
86. Kd2 Rd8+ 0-1

[Event "Euro Online U2300 Day 1"]
[Site "chess.com INT"]
[Date "2020.05.25"]
[Round "7"]
[White "Revuckij, Vladimir"]
[Black "Malczyk, Jakub"]
[Result "1-0"]
[WhiteTitle "IM"]
[WhiteElo "2354"]
[BlackElo "2024"]
[WhiteFideId "14106167"]
[BlackFideId "1130854"]
[EventDate "2020.05.25"]

1. e4 d5 2. exd5 Qxd5 3. Nc3 Qd6 4. d4 Nf6 5. g3 a6 6. Bg2 Nc6 7. Nge2 Bg4 8.
Be3 e5 9. d5 Ne7 10. h3 Bh5 11. g4 Bg6 12. Qd2 O-O-O 13. O-O-O Nd7 14. Ng3 Nb6
15. Nge4 Bxe4 16. Bxe4 Nc4 17. Qd3 Qb4 18. Na4 Qxa4 19. Kb1 Nxe3 20. fxe3 Ng6
21. c4 b6 22. Rc1 Kb8 23. a3 f6 24. Ka2 a5 25. Rc3 c5 26. Rb3 Ka7 27. Rb5 Bd6
28. b3 Qxb5 29. cxb5 Ne7 30. Bxh7 Kb7 31. Bf5 Kc7 32. e4 g5 33. Be6 Rh6 34. Rf1
Rdh8 35. Rf3 Nc8 36. Qc3 Be7 37. b4 axb4 38. axb4 Kb8 39. Qa3 cxb4 40. Qa6 Bc5
41. d6 Nxd6 42. Bd5 R6h7 43. Qa8+ Kc7 44. Qc6+ Kb8 45. Rxf6 Ra7+ 46. Kb1 Nc8 47.
Rh6 Rf8 48. Rf6 Rh8 49. Be6 Ne7 50. Rh6 Nxc6 51. Rxh8+ Kc7 52. bxc6 Kxc6 53. Bc4
Kd6 54. Rh6+ Kd7 55. Rh7+ Be7 56. h4 gxh4 57. g5 Ra3 58. g6 Rg3 59. g7 Kd6 60.
g8=Q Rxg8 61. Bxg8 b3 62. Kb2 Kc5 63. Kxb3 Kd4 64. Bd5 Bc5 65. Rxh4 Ke3 1-0

[Event "Euro Online U2300 Day 1"]
[Site "chess.com INT"]
[Date "2020.05.25"]
[Round "7"]
[White "Nagy, Ladislav"]
[Black "Kuhn, Clement"]
[Result "0-1"]
[BlackTitle "CM"]
[WhiteElo "2085"]
[BlackElo "2150"]
[WhiteFideId "374300"]
[BlackFideId "36099775"]
[EventDate "2020.05.25"]

1. e4 c5 2. Nf3 Nc6 3. Nc3 d6 4. Bb5 g6 5. O-O Bg7 6. Re1 Nf6 7. e5 dxe5 8. Nxe5
Bd7 9. Nxd7 Qxd7 10. Bf1 O-O 11. d3 e5 12. g3 Rad8 13. Bg2 Rfe8 14. Be3 Nd4 15.
Ne4 Nxe4 16. Bxe4 f5 17. Bg2 b5 18. c4 bxc4 19. dxc4 e4 20. Rc1 h6 21. f3 exf3
22. Bxf3 Kh7 23. Bd5 Re7 24. Bf2 Rde8 25. Rxe7 Qxe7 26. Rb1 a5 27. Qa4 Qe2 28.
Re1 Qxe1+ 29. Bxe1 Rxe1+ 30. Kf2 Re2+ 31. Kf1 Rxh2 32. Qxa5 h5 33. Qxc5 h4 34.
gxh4 f4 35. Qc8 f3 36. Bg8+ Kh8 37. Bd5+ Kh7 38. Qb8 Rc2 39. Qf4 f2 40. b4 Nf5
41. Qxf2 Rxf2+ 42. Kxf2 Bd4+ 43. Ke2 Kg7 44. a4 Bc3 45. b5 Kf8 46. c5 Ke7 47. b6
Kd8 48. b7 Kc7 49. c6 Nxh4 50. Kf2 Nf5 51. Kf3 Be5 52. Kg4 Ne3+ 53. Kg5 Nxd5 54.
Kxg6 Kxc6 55. Kf5 Bb8 56. Ke6 Nc3 57. Kf5 Kxb7 58. Ke6 Nxa4 59. Kd7 Nb6+ 60. Ke6
Kc6 61. Kf5 Kd5 62. Kf6 Bd6 63. Kf5 Nd7 64. Kg4 Ke4 65. Kh3 Kf3 66. Kh4 Bf4 67.
Kh3 Ne5 68. Kh4 Be3 69. Kh3 Ng6 70. Kh2 Nf4 71. Kh1 Ne2 72. Kh2 Ng3 73. Kh3 Bg1
74. Kh4 Ne4 75. Kh5 Kf4 76. Kg6 Ng5 77. Kf6 Bc5 78. Kg7 Kf5 79. Kh6 Bf8+ 80. Kh5
Bd6 81. Kh4 Be5 82. Kh5 Bg3 83. Kh6 Ne6 84. Kh5 Ng7+ 85. Kh6 Kf6 86. Kh7 Kf7 87.
Kh6 Bf4+ 88. Kh7 Ne8 89. Kh8 Ng7 90. Kh7 Ne6 91. Kh8 Be3 92. Kh7 Nf8+ 93. Kh8
Bd4# 0-1

[Event "Euro Online U2300 Day 1"]
[Site "chess.com INT"]
[Date "2020.05.25"]
[Round "7"]
[White "Manukyan, Sargis A."]
[Black "Morozov, Ivan"]
[Result "1-0"]
[WhiteTitle "FM"]
[WhiteElo "2244"]
[BlackElo "2069"]
[WhiteFideId "13303970"]
[BlackFideId "54158931"]
[EventDate "2020.05.25"]

1. d4 Nf6 2. c4 e6 3. Nc3 Bb4 4. a3 Bxc3+ 5. bxc3 c5 6. e3 O-O 7. Bd3 b6 8. Ne2
Nc6 9. e4 d6 10. O-O h6 11. f4 Ba6 12. f5 cxd4 13. cxd4 e5 14. Bb2 Rc8 15. Rc1
Nd7 16. g4 Qg5 17. Rc2 Qxg4+ 18. Kh1 Nxd4 19. Nxd4 Qxd1 20. Rxd1 exd4 21. Bf1
Nc5 22. Rxd4 Bb7 23. Bg2 Rfe8 24. Rxd6 Bxe4 25. Bxe4 Rxe4 26. f6 g5 27. Kg2 Na4
28. Bd4 Nc5 29. Rd5 Ne6 30. Be5 Rexc4 31. Rxc4 Rxc4 32. Rd7 Re4 33. Bb8 Ra4 34.
Bxa7 b5 35. Rb7 Rxa3 36. Bb8 Rb3 37. Bd6 h5 38. Kf2 Rb2+ 39. Kf3 g4+ 40. Kg3
Rb3+ 41. Kf2 Rf3+ 42. Ke2 Rxf6 43. Ke3 Rf5 44. Rb8+ Kg7 45. Ke4 Rg5 46. Be7 Rg6
47. Rxb5 h4 48. Bxh4 Rh6 49. Bg3 Kg6 50. Rb8 f5+ 51. Ke5 Ng7 52. Bf4 Rh3 53.
Rb6+ Kh7 54. Kf6 Ra3 55. Kg5 Ra5 56. Rh6+ Kg8 57. Rb6 Kf7 58. Rb7+ Kg8 59. Bd6
Ra6 60. Be5 Ne6+ 61. Kxf5 Nc5 62. Rc7 Nd3 63. Bf6 Ra4 64. Rd7 Nc5 65. Rd5 Ne4
66. Be5 Nf2 67. Kg6 Kf8 68. Bf6 Re4 69. Rh5 Ke8 70. Rd5 Kf8 71. Rd8+ Re8 72. Rd7
Ne4 73. Rf7+ Kg8 74. Rg7+ Kf8 75. Bd4 Re6+ 76. Kf5 Re8 77. Rh7 Nd6+ 78. Kg6 Re6+
79. Bf6 Nf7 80. Rxf7+ Kg8 81. Rg7+ 1-0

[Event "Euro Online U2300 Day 1"]
[Site "chess.com INT"]
[Date "2020.05.25"]
[Round "7"]
[White "Kucher, Kostyantyn"]
[Black "Vega Gomez, Francisco B."]
[Result "1-0"]
[BlackTitle "FM"]
[WhiteElo "2006"]
[BlackElo "2272"]
[WhiteFideId "14195950"]
[BlackFideId "2268086"]
[EventDate "2020.05.25"]

1. e4 e5 2. c4 Nc6 3. Nc3 Bc5 4. g3 d6 5. Bg2 Nf6 6. h3 a6 7. Nge2 Be6 8. d3 Qd7
9. Nd5 Nd4 10. Bg5 Bxd5 11. cxd5 h6 12. Be3 Bb4+ 13. Nc3 c5 14. O-O b5 15. f4
Ba5 16. a3 Bb6 17. b4 Rc8 18. Ne2 O-O 19. fxe5 dxe5 20. Nxd4 cxd4 21. Bxh6 Rc3
22. Qd2 Ne8 23. Bg5 f6 24. Bh4 Nd6 25. g4 Rfc8 26. g5 Rc2 27. Qe1 fxg5 28. Bxg5
R8c3 29. Qg3 Nf7 30. Bf6 Nh6 31. Bxe5 Bc7 32. Bxc7 Rxc7 33. Rf3 Rc1+ 34. Rxc1
Rxc1+ 35. Kh2 Rc2 36. e5 Qxd5 37. Qf4 Re2 38. Rg3 Qe6 39. Qxd4 Nf5 40. Qd8+ Kh7
41. Rf3 Qa2 42. Qg5 g6 43. h4 Rxe5 44. h5 Qe6 45. hxg6+ Qxg6 46. Rh3+ Kg7 47.
Qxg6+ Kxg6 48. Be4 Kg5 49. Kg2 Nd4 50. Rg3+ Kf4 51. Rg6 Ke3 52. Rxa6 Ne2 53. a4
bxa4 54. Rxa4 Rb5 55. Kf1 Rg5 56. Bg2 Rf5+ 57. Ke1 Rf2 58. Bh3 Nf4 59. Bf1 Rb2
60. Ra1 Ne6 61. Bh3 Nd4 62. Bg4 Rxb4 63. Rc1 Rb3 64. Bd1 Rb2 65. Rc8 Kxd3 66.
Rf8 Rb1 67. Rd8 Ke3 68. Re8+ Kf4 69. Kd2 Rb5 70. Bc2 Nf3+ 71. Kc3 Rc5+ 72. Kb2
Kg3 73. Re3 Kf2 74. Rxf3+ Kxf3 75. Bb1 Ke3 76. Ka1 Kd2 77. Ba2 Kc1 78. Bb3 Rf5
79. Ba2 Rf2 80. Bb1 Rh2 81. Ba2 Kc2 82. Bb1+ Kb3 83. Bd3 Ka3 84. Bb1 1-0

[Event "Euro Online U2300 Day 1"]
[Site "chess.com INT"]
[Date "2020.05.25"]
[Round "7"]
[White "Ionescu, Cristian-Dan"]
[Black "Bulau, Andrei-Cristian"]
[Result "1/2-1/2"]
[WhiteTitle "FM"]
[WhiteElo "2287"]
[BlackElo "2199"]
[WhiteFideId "1200860"]
[BlackFideId "1237691"]
[EventDate "2020.05.25"]

1. Nf3 d5 2. d4 Nf6 3. c4 c6 4. e3 e6 5. Nc3 Nbd7 6. Qc2 dxc4 7. Bxc4 b5 8. Bd3
Bd6 9. O-O Bb7 10. a4 a6 11. Bd2 O-O 12. Ne4 Nxe4 13. Bxe4 h6 14. axb5 axb5 15.
h3 Qb6 16. Bh7+ Kh8 17. e4 c5 18. e5 Be7 19. Be4 cxd4 20. Rxa8 Rxa8 21. Bf4 Rc8
22. Qe2 Nc5 23. Bxb7 Nxb7 24. Rd1 Rd8 25. g4 Bc5 26. g5 h5 27. Ne1 g6 28. Nd3
Rd7 29. Bd2 Nd8 30. Ra1 Nc6 31. Kg2 Ne7 32. Rc1 Qb7+ 33. Qf3 Ba7 34. Bb4 Nf5 35.
Qxb7 Rxb7 36. Rc6 Rd7 37. Kf3 Kg7 38. Ke4 Nh4 39. Rc8 Nf5 40. Bf8+ Kh7 41. Bb4
h4 42. Ba5 Kg7 43. Bd8 Ne7 44. Ra8 Kh7 45. b4 Kg7 46. Kf4 Kh7 47. Kg4 Nd5 48.
Kxh4 Bb6 49. Bf6 Nxf6 50. gxf6 Rb7 51. Kg5 Ba7 52. Re8 Bb6 53. Re7 Ra7 54. h4
Kg8 55. Re8+ Kh7 56. Re7 Kg8 57. Kf4 Kf8 58. Rxa7 Bxa7 59. Ke4 Ke8 60. f4 Kd7
61. Nc1 Bb6 62. Nb3 d3 63. Kxd3 Bf2 64. Ke4 Bxh4 65. Nc5+ Ke8 66. Nb7 Be1 67.
Nd6+ Kf8 68. Nxb5 Bxb4 69. Nd4 Ke8 70. Nf3 Kd7 71. Ng5 Ke8 72. Kd3 Ba5 73. Nf3
Kd7 74. Kc4 Bb6 75. Kd3 Ba5 1/2-1/2

[Event "Euro Online U2300 Day 1"]
[Site "chess.com INT"]
[Date "2020.05.25"]
[Round "7"]
[White "Eigminas, Kipras"]
[Black "Brilej, Jaka"]
[Result "0-1"]
[BlackTitle "CM"]
[WhiteElo "2116"]
[BlackElo "2228"]
[WhiteFideId "12808423"]
[BlackFideId "14618818"]
[EventDate "2020.05.25"]

1. e4 c5 2. Nf3 Nc6 3. d4 cxd4 4. Nxd4 Nf6 5. Nc3 e5 6. Ndb5 d6 7. Nd5 Nxd5 8.
exd5 Nb8 9. a4 Be7 10. Be2 O-O 11. O-O f5 12. f4 a6 13. Na3 Nd7 14. Nc4 Nb6 15.
fxe5 dxe5 16. Nxe5 Nxd5 17. Bc4 Be6 18. Kh1 Rc8 19. Bb3 Nc7 20. Bxe6+ Nxe6 21.
c3 Qxd1 22. Rxd1 Rfd8 23. Be3 Bc5 24. Bxc5 Nxc5 25. Rxd8+ Rxd8 26. b4 Nxa4 27.
c4 Nb2 28. b5 Re8 29. bxa6 bxa6 30. Nf3 Nxc4 31. Rxa6 Nd2 32. Ra5 Nxf3 33. gxf3
g6 34. Ra7 Re2 35. Kg1 Rb2 36. h3 Rc2 37. Rb7 Ra2 38. Rc7 Ra8 39. Kg2 Rf8 40.
Kg3 Rf7 41. Rc6 Kg7 42. f4 Ra7 43. Rb6 Kh6 44. Kh4 Ra4 45. Kg3 Kh5 46. Rb3 h6
47. Rf3 Rb4 48. Ra3 g5 49. fxg5 hxg5 50. Ra8 Rb3+ 51. Kg2 Rb2+ 52. Kg3 f4+ 53.
Kf3 Rb3+ 54. Kg2 Rg3+ 55. Kh2 Rb3 56. Kg2 Rg3+ 57. Kh2 Kg6 58. Rf8 Ra3 59. Kg2
Ra2+ 60. Kg1 Rb2 61. h4 Kh5 62. hxg5 Kg4 63. g6 Kg3 64. Kf1 f3 0-1

[Event "Euro Online U2300 Day 1"]
[Site "chess.com INT"]
[Date "2020.05.25"]
[Round "7"]
[White "Can, Melih Kaan"]
[Black "Sargissyan, Sargis"]
[Result "1/2-1/2"]
[BlackTitle "FM"]
[WhiteElo "2105"]
[BlackElo "2269"]
[WhiteFideId "6317383"]
[BlackFideId "13303210"]
[EventDate "2020.05.25"]

1. e4 c5 2. Nf3 d6 3. c3 Nf6 4. h3 g6 5. Bd3 Bg7 6. Bc2 O-O 7. O-O Nc6 8. d4
cxd4 9. cxd4 d5 10. e5 Ne4 11. Nbd2 Bf5 12. Re1 Nxd2 13. Bxd2 Bxc2 14. Qxc2 Qb6
15. Be3 Rfc8 16. Rac1 e6 17. Qd2 Qa5 18. Qxa5 Nxa5 19. b3 Bf8 20. Kf1 Ba3 21.
Rxc8+ Rxc8 22. Bd2 Nc6 23. Bc1 Bb4 24. Re2 Nxd4 25. Bd2 Nxe2 26. Bxb4 Nc3 27. a4
Ne4 28. Nd4 Nc5 29. Ke2 Nd7 30. f4 Nb8 31. Bd6 Nc6 32. Nb5 a6 33. Nc7 Nd4+ 34.
Kd3 Nxb3 35. Kc3 Na5 36. Kb4 Nc4 37. Kc5 h5 38. g4 hxg4 39. hxg4 g5 40. f5 Rxc7+
41. Bxc7 Kf8 42. Bd8 Ke8 43. Bxg5 Kd7 44. Bf4 b6+ 45. Kb4 Ke7 46. Kb3 Kd7 47.
Kb4 Kd8 48. Kb3 Ke8 49. Kb4 Kf8 50. Kb3 Kg7 51. Kb4 Kf8 52. Kb3 Ke7 53. Kb4 f6
54. exf6+ Kxf6 55. fxe6 Kxe6 56. Bc7 Kf6 57. Bf4 Kg6 58. Kc3 Kf6 59. Kd4 Ke6 60.
Bc7 b5 61. axb5 axb5 62. Kc5 Ne3 63. g5 Kf5 64. Bd8 Ng4 65. Kxd5 b4 66. Kc4 Ne5+
67. Kxb4 Nf7 68. g6 Kxg6 1/2-1/2

[Event "Euro Online U2300 Day 1"]
[Site "chess.com INT"]
[Date "2020.05.25"]
[Round "7"]
[White "Kelly, Ladislau-Endre"]
[Black "Druzhinina, Olga"]
[Result "0-1"]
[WhiteElo "2180"]
[BlackElo "2245"]
[WhiteFideId "1214705"]
[BlackFideId "4141911"]
[EventDate "2020.05.25"]

1. e4 c5 2. Nc3 d6 3. f4 g6 4. Nf3 Bg7 5. Bc4 Nc6 6. O-O e6 7. d3 Nge7 8. Qe1
Na5 9. Bb3 Nxb3 10. axb3 Nc6 11. f5 Nd4 12. fxe6 Bxe6 13. Nxd4 Bxd4+ 14. Kh1 O-O
15. Qg3 f5 16. Bf4 d5 17. e5 Bxc3 18. bxc3 Rf7 19. Bg5 Qd7 20. Bf6 d4 21. c4 b5
22. Ra6 bxc4 23. Rd6 Qe8 24. dxc4 a5 25. h4 Rd7 26. h5 Kf7 27. Rc6 a4 28. Qh4
Qg8 29. Rxc5 axb3 30. cxb3 d3 31. Rc6 d2 32. Rd6 gxh5 33. Qd4 Rxd6 34. Qxd6 Ra7
35. Qxd2 Qg3 36. Qf2 Qxf2 37. Rxf2 Rb7 38. Rf3 Kg6 39. Rg3+ Kh6 40. Rc3 f4 41.
Kg1 Kg6 42. Kf2 Kf5 43. Kf3 Rd7 44. b4 Rd1 45. Kf2 Rd2+ 46. Ke1 Rxg2 47. b5 Rb2
48. Bd8 Ke4 49. b6 f3 50. Bc7 Rb1+ 51. Kf2 Rb2+ 52. Kg3 Rg2+ 53. Kh4 f2 54. Rc1
Rg1 55. b7 Rxc1 56. b8=Q Rh1+ 57. Kg3 f1=Q 58. Qb7+ Ke3 59. Bb6+ Kd3 60. Qxh7+
Bf5 61. Qxf5+ Qxf5 0-1

[Event "Euro Online U2300 Day 1"]
[Site "chess.com INT"]
[Date "2020.05.25"]
[Round "7"]
[White "Goltseva, Ekaterina"]
[Black "Padalka, Artem"]
[Result "1-0"]
[WhiteTitle "FM"]
[WhiteElo "2306"]
[BlackElo "2203"]
[WhiteFideId "24173770"]
[BlackFideId "14118637"]
[EventDate "2020.05.25"]

1. d4 Nf6 2. c4 c5 3. d5 e6 4. Nc3 exd5 5. cxd5 d6 6. e4 g6 7. Nge2 Bg7 8. Ng3
O-O 9. Be2 a6 10. a4 Nbd7 11. O-O Rb8 12. h3 Qc7 13. Be3 Re8 14. Qc2 c4 15. a5
Nc5 16. Bxc4 h5 17. Bd3 Nxd3 18. Qxd3 Nd7 19. Rfc1 Ne5 20. Qe2 Qe7 21. Na4 Bd7
22. Rc7 Qd8 23. Bb6 Bb5 24. Qd2 Qh4 25. Nc3 Bd7 26. Qe3 Bxh3 27. gxh3 Qxh3 28.
Nce2 h4 29. Ra3 hxg3 30. Qxg3 Qxg3+ 31. Nxg3 Rec8 32. Kg2 Nc4 33. Rb3 Nxb6 34.
axb6 Bd4 35. Ne2 Bc5 36. Nc3 a5 37. Na4 Bd4 38. Rb5 Kg7 39. Rxa5 Rxc7 40. bxc7
Rc8 41. Rb5 Rxc7 42. Rb4 Ba7 43. Nc3 Kf6 44. Nb5 Bc5 45. Rc4 Re7 46. b4 Bb6 47.
Nxd6 Rd7 48. Nb5 Ke5 49. Nc3 f5 50. f3 g5 51. Rc8 Kd4 52. Nb5+ Ke3 53. Re8 fxe4
54. fxe4 g4 55. d6 Rh7 56. e5 Ke4 57. e6 g3 58. Kxg3 Rg7+ 59. Kh4 Kf4 60. Rf8+
Ke5 61. e7 Bf2+ 62. Kh5 Rh7+ 63. Kg6 Rxe7 64. dxe7 1-0